000 01289nam a22003017a 4500
005 20240626141530.0
008 231011b sp |||||||| |||| 00| 0 spa d
020 _a9788491133421
050 0 4 _aQP355.2
_bH35 2019
100 1 _aHaines, Duane E.
240 1 0 _aFundamental neuroscience for basic and clinical applications
_lEspañol.
245 1 0 _aPrincipios de neurociencia
_b : aplicaciones básicas y clínicas
_c / Duane E. Haines, Gregory A. Mihailoff ; ilustraciones W. K. Cunningham, M. P. Schenk ; revisión científica Alberto Prats Galino, Juan Antonio Juanes Méndez ; colaboradores Norman F. Capra,...[et al.].
250 _a5a ed.
260 _aBarcelona, España :
_bElsevier España,
_c2019.
300 _axi, 516 p. :
_bil. ;
_c31 cm.
504 _aIncluye bibliografía e índice
650 7 _2lemb
_aNeurofisiología
650 7 _2lemb
_aSistema Nervioso Central
_xFisiología
700 1 _aMihailoff, Gregory A.,
_eautor
700 1 _aCunningham, W. K.,
_eilustrador
700 1 _aSchenk, M. P.,
_eilustrador
700 1 _aPrats Galino, Alberto,
_erevisor
700 1 _aJuanes Méndez, Juan Antonio,
_erevisor
700 1 _aCapra, Norman F.,
_ecolaborador
700 1 _aChen, Jian,
_ecolaborador
700 1 _aCorbett, James J.,
_ecolaborador
942 _2lcc
_cLIB
999 _c49392
_d49392